| 000 | 00494nam a2200169Ia 4500 | ||
|---|---|---|---|
| 999 |
_c22449 _d22449 |
||
| 003 | OSt | ||
| 005 | 20200320103219.0 | ||
| 008 | 190216s9999||||xx |||||||||||||| ||und|| | ||
| 040 | _coclc | ||
| 082 |
_a297 _bMOU/K |
||
| 100 |
_aMoudoodi, Abul Ala _91860 |
||
| 245 | 0 |
_aKhilafathum Rajavazchayum / _cAbul Ala Moudoodi |
|
| 260 |
_bIslamic Publishing House, _c1994. _aKozhikode: |
||
| 300 | _a298p | ||
| 650 | _aIslamic History | ||
| 942 |
_cBK _2ddc _h297 _iMOU/K _k297 _mMOU/K |
||